[Event "Rheinland Pfalz Seniors op"]
[Site "Altenkirchen"]
[Date "2023.09.09"]
[Round "5"]
[White "Leisen, Peter"]
[Black "Walther, Reinhard"]
[Result "0-1"]
[WhiteElo "1838"]
[BlackElo "1985"]
[PlyCount "124"]
[EventDate "2023.09.05"]
[EventType "swiss"]
[EventRounds "9"]
[EventCountry "GER"]
[SourceTitle "EXT 2024"]
[Source "ChessBase"]
[SourceDate "2023.10.10"]
[SourceVersion "1"]
[SourceVersionDate "2023.10.10"]
[SourceQuality "1"]

1. Nf3 d5 2. d4 Nf6 3. e3 c6 4. Bd3 Bg4 5. Nbd2 Nbd7 6. c3 e5 7. dxe5 Nxe5 8. Be2 Ng6 9. Nd4 Bd7 10. c4 Bd6 11. Qc2 0-0 12. 0-0 Ne7 13. b3 c5 14. N4f3 Bf5 15. Bd3 Bxd3 16. Qxd3 dxc4 17. Qxc4 Nc6 18. Bb2 Qe7 19. Qh4 Ne5 20. Nxe5 Bxe5 21. Bxe5 Qxe5 22. Nf3 Qe4 23. Qg5 Rac8 24. Rac1 h6 25. Qe5 Rfe8 26. Qc3 b6 27. Nd2 Qd5 28. Rfd1 Rcd8 29. Qc2 Qd3 30. Qxd3 Rxd3 31. Kf1 Red8 32. Ke2 Ng4 33. Ne4 Rxd1 34. Rxd1 Rxd1 35. Kxd1 f5 36. Nd6 Nxf2+ 37. Ke2 Ne4 38. Nxf5 Nc3+ 39. Kd2 Nxa2 40. Ne7+ Kf7 41. Nc8 Ke6 42. Nxa7 Nb4 43. Nc8 Nd5 44. e4 Kd7 45. Na7 Nf4 46. g3 Ne6 47. Nb5 Kc6 48. Na7+ Kd6 49. Kd3 Nd4 50. b4 Nf3 51. bxc5+ Kxc5 52. h4 Ne5+ 53. Kc3 g5 54. hxg5 hxg5 55. Nc8 b5 56. Ne7 Nc6 57. Nf5 b4+ 58. Kb2 Kc4 59. g4 Ne5 60. Ne3+ Kd4 61. Nc2+ Kxe4 62. Nxb4 Nd3+ 0-1

[Event "Ruhrgebiet Bezirksliga 17/18"]
[Site "Ruhrgebiet"]
[Date "2017.09.03"]
[Round "1.7"]
[White "Leisen, Peter"]
[Black "Przybela, Josef Franz"]
[Result "1-0"]
[WhiteElo "1683"]
[BlackElo "1645"]
[PlyCount "47"]
[EventDate "2017.09.03"]
[EventType "team-tourn"]
[EventRounds "9"]
[EventCountry "GER"]
[SourceTitle "EXT 2022"]
[Source "ChessBase"]
[SourceDate "2021.10.06"]
[SourceVersion "1"]
[SourceVersionDate "2021.10.06"]
[SourceQuality "1"]
[WhiteTeam "Boenen SV II"]
[BlackTeam "Hamm Koenigsspringer II"]
[WhiteTeamCountry "GER"]
[BlackTeamCountry "GER"]

1. d4 d5 2. Nf3 Nf6 3. g3 g6 4. Bg2 Bg7 5. 0-0 0-0 6. b3 Nbd7 7. Bb2 c5 8. Nbd2 Rb8 9. c4 cxd4 10. Bxd4 b6 11. cxd5 Nxd5 12. Nc4 Bb7 13. Bxg7 Kxg7 14. Qd4+ Kg8 15. Rfd1 N5f6 16. Qf4 Qe8 17. b4 Nh5 18. Qh6 f6 19. Bh3 Rd8 20. Nd4 Ne5 21. Nxe5 fxe5 22. Ne6 Rxd1+ 23. Rxd1 Rf7 24. Rd8 1-0

[Event "Rheinland Pfalz op Seniors 15th"]
[Site "Neustadt an der Weinstrasse"]
[Date "2017.07.18"]
[Round "4"]
[White "Leisen, Peter"]
[Black "Dickel, Gisbert"]
[Result "0-1"]
[WhiteElo "1916"]
[BlackElo "1937"]
[PlyCount "152"]
[EventDate "2017.07.15"]
[EventType "swiss"]
[EventRounds "9"]
[EventCountry "GER"]
[SourceTitle "EXT 2018"]
[Source "ChessBase"]
[SourceDate "2017.10.13"]
[SourceVersion "1"]
[SourceVersionDate "2017.10.13"]
[SourceQuality "1"]

1. d4 e6 2. Nf3 f5 3. g3 Nf6 4. Bg2 d5 5. 0-0 Ne4 6. b3 Be7 7. Ba3 Bf6 8. Ne5 Bxe5 9. dxe5 Ng5 10. Nd2 Nf7 11. f4 c6 12. Nf3 b5 13. Bc5 Na6 14. Qd4 Nxc5 15. Qxc5 Qb6 16. Qxb6 axb6 17. Nd4 Kd7 18. c4 bxc4 19. bxc4 Ra4 20. cxd5 cxd5 21. e3 Ba6 22. Rfc1 Bc4 23. Rcb1 Rb8 24. Nb3 Kc8 25. Bf1 Nd8 26. Rb2 b5 27. Rc1 Rba8 28. Rcc2 Ra3 29. Kf2 Kd7 30. Be2 Ke7 31. h4 Nc6 32. Nc1 R8a7 33. Bf3 Kd7 34. g4 g6 35. g5 Kc7 36. h5 R7a4 37. hxg6 hxg6 38. Be2 Ra8 39. Rd2 Rh8 40. Kg2 Rxe3 41. Bf3 Ra3 42. Nb3 Kb6 43. Be2 Bxb3 44. axb3 Nb4 45. Rd1 Ra2 46. Rxa2 Nxa2 47. Rh1 Rxh1 48. Kxh1 d4 49. Kg2 Nc1 50. Bh5 gxh5 51. g6 d3 52. g7 d2 53. g8Q d1Q 54. Qxe6+ Ka5 55. Qxf5 Qxb3 56. e6 h4 57. Qg4 Qe3 58. f5 Ne2 59. Qxh4 Nf4+ 60. Kh2 Qf3 61. Qg5 Qh3+ 62. Kg1 Qe3+ 63. Kh2 Qe2+ 64. Kg3 Nxe6 65. fxe6 Qxe6 66. Qd8+ Ka4 67. Qa8+ Kb4 68. Kf3 Kb3 69. Qd8 b4 70. Qd3+ Ka4 71. Qd4 Kb5 72. Qb2 b3 73. Kf4 Kc4 74. Qa3 Kd3 75. Qb2 Qe4+ 76. Kg3 Qe3+ 0-1

[Event "Ruhrgebiet Bezirksliga 16/17"]
[Site "Ruhrgebiet"]
[Date "2017.02.12"]
[Round "8.8"]
[White "Leisen, Peter"]
[Black "Meschede, Hubert"]
[Result "1-0"]
[WhiteElo "1726"]
[BlackElo "1551"]
[PlyCount "137"]
[EventDate "2016.08.28"]
[EventType "team-tourn"]
[EventRounds "11"]
[EventCountry "GER"]
[SourceTitle "EXT 2022"]
[Source "ChessBase"]
[SourceDate "2021.10.06"]
[SourceVersion "1"]
[SourceVersionDate "2021.10.06"]
[SourceQuality "1"]
[WhiteTeam "Boenen SV II"]
[BlackTeam "Kamen SV III"]
[WhiteTeamCountry "GER"]
[BlackTeamCountry "GER"]

1. d4 Nf6 2. Nf3 g6 3. g3 Bg7 4. Bg2 0-0 5. 0-0 d5 6. Nbd2 Nbd7 7. c4 dxc4 8. Nxc4 Ne4 9. Ng5 Nxg5 10. Bxg5 h6 11. Be3 Nf6 12. Ne5 Nd5 13. Bd2 c6 14. e4 Nc7 15. Be3 Be6 16. Qc2 Qc8 17. Nf3 Bh3 18. Bxh3 Qxh3 19. d5 Rfc8 20. dxc6 bxc6 21. Rad1 Qe6 22. b3 Nb5 23. Nd4 Nxd4 24. Bxd4 Bxd4 25. Rxd4 Rc7 26. Rfd1 Kg7 27. f4 f6 28. Qf2 c5 29. Rc4 Qg4 30. Rd5 Qe6 31. Rdxc5 Rxc5 32. Qxc5 Qd7 33. Rd4 Qb7 34. Qd5 Qxd5 35. Rxd5 Rc8 36. Ra5 Rc7 37. h3 h5 38. b4 Kf7 39. a4 Ke8 40. Kf2 Rd7 41. Ke3 e6 42. f5 gxf5 43. exf5 e5 44. Rb5 Ke7 45. Rb8 Kd6 46. Rf8 Ke7 47. Rh8 Rd4 48. Rxh5 Rxb4 49. Rh7+ Kf8 50. Rxa7 Rb3+ 51. Kf2 Rb2+ 52. Kf3 Rb3+ 53. Kg4 Rb4+ 54. Kh5 e4 55. Kg4 e3+ 56. Kf3 Rb3 57. Ke2 Ra3 58. h4 Kg8 59. g4 Rc3 60. g5 fxg5 61. hxg5 Rc5 62. g6 Rxf5 63. Kxe3 Rf6 64. g7 Rd6 65. Ke4 Rd1 66. a5 Rd2 67. a6 Rd1 68. Rb7 Ra1 69. a7 1-0

[Event "Ruhrgebiet Bezirksliga 16/17"]
[Site "Ruhrgebiet"]
[Date "2016.09.18"]
[Round "2.8"]
[White "Leisen, Peter"]
[Black "Hellwig, Hugo"]
[Result "1/2-1/2"]
[WhiteElo "1708"]
[BlackElo "1499"]
[PlyCount "28"]
[EventDate "2016.08.28"]
[EventType "team-tourn"]
[EventRounds "11"]
[EventCountry "GER"]
[SourceTitle "EXT 2022"]
[Source "ChessBase"]
[SourceDate "2021.10.06"]
[SourceVersion "1"]
[SourceVersionDate "2021.10.06"]
[SourceQuality "1"]
[WhiteTeam "Boenen SV II"]
[BlackTeam "Hamm Koenigsspringer II"]
[WhiteTeamCountry "GER"]
[BlackTeamCountry "GER"]

1. d4 Nf6 2. Nf3 e6 3. g3 c5 4. Bg2 Nc6 5. 0-0 d5 6. b3 cxd4 7. Nxd4 Bc5 8. Bb2 Nxd4 9. Bxd4 Bxd4 10. Qxd4 0-0 11. Nd2 b6 12. Nf3 Ba6 13. Rfe1 Rc8 14. Rac1 Rc5 1/2-1/2

[Event "Ruhrgebiet Bezirksliga 15/16"]
[Site "Ruhrgebiet"]
[Date "2016.04.03"]
[Round "9.5"]
[White "Reininghaus, Dennis"]
[Black "Leisen, Peter"]
[Result "1/2-1/2"]
[WhiteElo "1765"]
[BlackElo "1760"]
[PlyCount "96"]
[EventDate "2015.08.30"]
[EventType "team-tourn"]
[EventRounds "9"]
[EventCountry "GER"]
[SourceTitle "EXT 2022"]
[Source "ChessBase"]
[SourceDate "2021.10.06"]
[SourceVersion "1"]
[SourceVersionDate "2021.10.06"]
[SourceQuality "1"]
[WhiteTeam "Unna SV"]
[BlackTeam "Boenen SV II"]
[WhiteTeamCountry "GER"]
[BlackTeamCountry "GER"]

1. d4 f5 2. c4 Nf6 3. Nc3 e6 4. Bg5 Be7 5. g3 d5 6. Bxf6 Bxf6 7. cxd5 exd5 8. Bg2 c6 9. e3 Be6 10. Nge2 Nd7 11. Nf4 Qe7 12. Qh5+ Bf7 13. Qe2 g5 14. Nd3 Bg6 15. Rc1 Qf7 16. Na4 0-0 17. 0-0 Rfe8 18. Qd2 Nb6 19. Nxb6 axb6 20. a3 Re6 21. f4 h6 22. Ne5 Bxe5 23. fxe5 Qe7 24. Rc3 Kg7 25. b4 b5 26. Rfc1 Qd7 27. Bf1 Re7 28. Bd3 Bh5 29. Qc2 Rf8 30. Rf1 Ref7 31. Be2 Bxe2 32. Qxe2 Ra8 33. Qh5 Qe6 34. h4 Qg6 35. Qxg6+ Kxg6 36. Kh2 Kh5 37. Kh3 gxh4 38. gxh4 Rg8 39. Rf4 Rg1 40. e6 Re7 41. Rxf5+ Kg6 42. Re5 Kf6 43. e4 dxe4 44. Rxe4 Rxe6 45. Rf4+ Ke7 46. Rg3 Rxg3+ 47. Kxg3 Re3+ 48. Rf3 Re4 1/2-1/2

[Event "MVP-ch Seniors op 15th"]
[Site "Binz"]
[Date "2015.11.27"]
[Round "4.32"]
[White "Lewald, Stephan"]
[Black "Leisen, Peter"]
[Result "1/2-1/2"]
[WhiteElo "1873"]
[BlackElo "1700"]
[PlyCount "23"]
[EventDate "2015.11.24"]
[EventType "swiss"]
[EventRounds "9"]
[EventCountry "GER"]
[SourceTitle "EXT 2017"]
[Source "ChessBase"]
[SourceDate "2016.10.25"]
[SourceVersion "1"]
[SourceVersionDate "2016.10.25"]
[SourceQuality "1"]

1. e4 c5 2. Nf3 Nc6 3. d4 cxd4 4. Nxd4 g6 5. Nc3 Bg7 6. Be3 Nf6 7. Bc4 Qa5 8. 0-0 0-0 9. Bb3 d6 10. h3 Bd7 11. Re1 Rac8 12. Nxc6 1/2-1/2

[Event "MVP-ch Seniors op 15th"]
[Site "Binz"]
[Date "2015.11.25"]
[Round "2.41"]
[White "Hubert, Berthold"]
[Black "Leisen, Peter"]
[Result "1/2-1/2"]
[WhiteElo "1981"]
[BlackElo "1700"]
[PlyCount "80"]
[EventDate "2015.11.24"]
[EventType "swiss"]
[EventRounds "9"]
[EventCountry "GER"]
[SourceTitle "EXT 2017"]
[Source "ChessBase"]
[SourceDate "2016.10.25"]
[SourceVersion "1"]
[SourceVersionDate "2016.10.25"]
[SourceQuality "1"]

1. e4 c5 2. Nf3 Nc6 3. d4 cxd4 4. Nxd4 g6 5. Be3 Bg7 6. Nc3 Nf6 7. Be2 d5 8. exd5 Nxd5 9. Nxd5 Qxd5 10. Bf3 Qa5+ 11. c3 Nxd4 12. Bxd4 e5 13. Be3 0-0 14. 0-0 Qc7 15. Qb3 Be6 16. Qxb7 Qxb7 17. Bxb7 Rab8 18. Be4 Rxb2 19. a4 a5 20. Rfd1 f5 21. Bd5 Bxd5 22. Rxd5 f4 23. Bd2 Rfb8 24. Kf1 e4 25. Bxf4 Rf8 26. Be3 Bxc3 27. Rc1 Bb4 28. Bd4 Rd2 29. Rd7 Rfxf2+ 30. Bxf2 Rxd7 31. Rc4 Re7 32. Ke2 Kf7 33. Bd4 Ke6 34. Bc3 Bxc3 35. Rxc3 Kf5 36. Ke3 h5 37. Rb3 Rc7 38. Rb5+ Kf6 39. Rxa5 Rc2 40. Kxe4 Rxg2 1/2-1/2

[Event "Ruhrgebiet Bezirksliga 15/16"]
[Site "Ruhrgebiet"]
[Date "2015.09.20"]
[Round "2.8"]
[White "Leisen, Peter"]
[Black "Knoepper, Werner"]
[Result "1/2-1/2"]
[WhiteElo "1700"]
[BlackElo "1588"]
[PlyCount "28"]
[EventDate "2015.08.30"]
[EventType "team-tourn"]
[EventRounds "9"]
[EventCountry "GER"]
[SourceTitle "EXT 2022"]
[Source "ChessBase"]
[SourceDate "2021.10.06"]
[SourceVersion "1"]
[SourceVersionDate "2021.10.06"]
[SourceQuality "1"]
[WhiteTeam "Boenen SV II"]
[BlackTeam "Kamen SV III"]
[WhiteTeamCountry "GER"]
[BlackTeamCountry "GER"]

1. d4 Nf6 2. c4 e5 3. dxe5 Ng4 4. Nf3 Nc6 5. Bf4 Bb4+ 6. Nbd2 Qe7 7. a3 Ngxe5 8. Nxe5 Nxe5 9. e3 Bxd2+ 10. Qxd2 d6 11. Be2 0-0 12. 0-0 Be6 13. Rac1 Ng6 14. Bg3 Rfd8 1/2-1/2

[Event "Hessen-ch Seniors op 11th"]
[Site "Bad Sooden-Allendorf"]
[Date "2015.05.09"]
[Round "1"]
[White "Lutz, Albert"]
[Black "Leisen, Peter"]
[Result "1/2-1/2"]
[WhiteElo "2206"]
[BlackElo "1924"]
[PlyCount "120"]
[EventDate "2015.05.09"]
[EventType "swiss"]
[EventRounds "9"]
[EventCountry "GER"]
[SourceTitle "EXT 2018"]
[Source "ChessBase"]
[SourceDate "2017.10.13"]
[SourceVersion "1"]
[SourceVersionDate "2017.10.13"]
[SourceQuality "1"]

1. Nf3 f5 2. d4 Nf6 3. c4 e6 4. Nc3 d5 5. Bg5 Be7 6. e3 c6 7. Qc2 Nbd7 8. cxd5 Nxd5 9. Bxe7 Nxe7 10. Bd3 Nf6 11. Ne5 Ng6 12. Nxg6 hxg6 13. h3 Nd5 14. a3 Qa5 15. Ke2 Nxc3+ 16. Qxc3 Qxc3 17. bxc3 b6 18. a4 Bd7 19. Rhb1 Ke7 20. f4 Kd6 21. a5 b5 22. e4 a6 23. e5+ Ke7 24. Ke3 Rhc8 25. c4 Rab8 26. Rc1 Kf7 27. Rab1 Ke7 28. Be2 Kf7 29. h4 Ke7 30. g3 Kf7 31. Kd2 Ke7 32. Kc3 c5 33. cxb5 cxd4+ 34. Kxd4 Rxc1 35. Rxc1 Bxb5 36. Bxb5 Rxb5 37. Rc5 Rb3 38. Rc7+ Kf8 39. Ra7 Rxg3 40. Kc5 Rg4 41. Rxa6 Rxf4 42. Rxe6 Kf7 43. Rb6 Ra4 44. a6 f4 45. Kd5 f3 46. Rb7+ Ke8 47. Rb6 Kf7 48. e6+ Kf6 49. Rb7 Ra5+ 50. Ke4 f2 51. Rf7+ Kxe6 52. Rxf2 Rxa6 53. Kf4 Kf7 54. Kg5+ Kg8 55. Rb2 Kh7 56. Rb5 Rf6 57. Kg4 Kh6 58. Rb8 Kh7 59. Ra8 Rf5 60. Ra1 Rb5 1/2-1/2

[Event "GER-chB Seniors 26th"]
[Site "Bad Neuenahr"]
[Date "2014.08.11"]
[Round "7"]
[White "Leisen, Peter"]
[Black "Jacob, Barbara"]
[Result "1-0"]
[WhiteElo "1936"]
[BlackElo "1815"]
[PlyCount "89"]
[EventDate "2014.08.05"]
[EventType "swiss"]
[EventRounds "9"]
[EventCountry "GER"]
[SourceTitle "EXT 2018"]
[Source "ChessBase"]
[SourceDate "2017.10.13"]
[SourceVersion "1"]
[SourceVersionDate "2017.10.13"]
[SourceQuality "1"]

1. d4 Nf6 2. Nf3 d6 3. g3 Bf5 4. Bg2 c6 5. 0-0 Nbd7 6. c3 e5 7. Qb3 Qb6 8. dxe5 Qxb3 9. axb3 dxe5 10. Nbd2 Bd6 11. Nc4 Bc7 12. Bg5 Ne4 13. Be3 a6 14. Nh4 g6 15. Nxf5 gxf5 16. Bh3 f4 17. gxf4 Rg8+ 18. Kh1 exf4 19. Rad1 Ndf6 20. Bc1 Rd8 21. Rxd8+ Kxd8 22. f3 Nc5 23. Bf5 h5 24. Bc2 Ke7 25. b4 Ne6 26. Nd2 h4 27. Rg1 Rxg1+ 28. Kxg1 Bb6+ 29. Kg2 Be3 30. Nb3 Nd5 31. Bd3 Kf6 32. Bd2 Kg5 33. Be1 Kh5 34. c4 Nf6 35. Na5 Nd8 36. Kh3 Bc1 37. Bc3 Nd7 38. Be4 Be3 39. Be1 f6 40. Bxh4 Bc1 41. Bf5 b6 42. Bxd7 bxa5 43. Bxf6 Nf7 44. bxa5 Kg6 45. Bc3 1-0

[Event "GER-chB Seniors 26th"]
[Site "Bad Neuenahr"]
[Date "2014.08.08"]
[Round "4"]
[White "Stuch, Hans Ferdinand"]
[Black "Leisen, Peter"]
[Result "0-1"]
[WhiteElo "1867"]
[BlackElo "1936"]
[PlyCount "64"]
[EventDate "2014.08.05"]
[EventType "swiss"]
[EventRounds "9"]
[EventCountry "GER"]
[SourceTitle "EXT 2018"]
[Source "ChessBase"]
[SourceDate "2017.10.13"]
[SourceVersion "1"]
[SourceVersionDate "2017.10.13"]
[SourceQuality "1"]

1. d4 Nf6 2. e3 e6 3. Nf3 d5 4. Bd3 c5 5. c3 Nc6 6. Nbd2 Bd6 7. 0-0 0-0 8. Re1 cxd4 9. exd4 Qc7 10. Qe2 Nd7 11. Nf1 Bf4 12. Bxf4 Qxf4 13. Ne5 Ndxe5 14. dxe5 f6 15. exf6 Qxf6 16. Qc2 h6 17. Re3 Bd7 18. Ng3 e5 19. Nh5 Qg5 20. Nxg7 Kh8 21. Rg3 Qf6 22. Nh5 Qf7 23. Rg6 e4 24. Rxh6+ Kg8 25. Qd2 Qf5 26. Ng3 Qg4 27. Be2 Qg7 28. Qxd5+ Rf7 29. Rh5 Kf8 30. Rg5 Qf6 31. Nxe4 Qe7 32. Bh5 Be6 0-1

[Event "NRW Verbandsklasse Group3 1314"]
[Site "Nordrheinwestfalen"]
[Date "2014.02.16"]
[Round "7.8"]
[White "Schulz, Karl Wilhelm"]
[Black "Leisen, Peter"]
[Result "1/2-1/2"]
[WhiteElo "1899"]
[BlackElo "1751"]
[PlyCount "31"]
[EventDate "2013.09.08"]
[EventType "team-tourn"]
[EventRounds "9"]
[EventCountry "GER"]
[SourceTitle "EXT 2020"]
[Source "ChessBase"]
[SourceDate "2019.10.17"]
[SourceVersion "1"]
[SourceVersionDate "2019.10.17"]
[SourceQuality "1"]
[WhiteTeam "Muelheim SC"]
[BlackTeam "Boenen SV"]
[WhiteTeamCountry "GER"]
[BlackTeamCountry "GER"]

1. d4 Nf6 2. c4 e6 3. Nf3 Bb4+ 4. Bd2 Bxd2+ 5. Qxd2 Ne4 6. Qc2 f5 7. g3 b6 8. Bg2 Bb7 9. Nc3 Nxc3 10. Qxc3 d6 11. Nh4 Qc8 12. Bxb7 Qxb7 13. Qf3 Qxf3 14. Nxf3 Nd7 15. Ng5 Ke7 16. f3 1/2-1/2